| 000 | 01826nam0a2200409 4500 | ||
|---|---|---|---|
| 001 | RU\NLR\bibl\1471747 | ||
| 005 | 20250616002159.0 | ||
| 010 |
_a978-5-7578-0299-2 _93000 |
||
| 021 |
_aRU _b2009-99571 _96323 |
||
| 035 | _a(nilc)LIBNET\0000016134 | ||
| 035 | _aRUM0062975 | ||
| 035 | _a(NLR Aleph) 001463440 | ||
| 090 |
_a1597984 _c1597984 |
||
| 100 | _a20100120d2009 |||y0rusy50 ca | ||
| 101 | 0 | _arus | |
| 102 | _aRU | ||
| 105 | _aa ||||||||| | ||
| 200 | 1 |
_aВыгонка растений _e[выгонка луковичных культур. Выгонка травянистых растений. Выгонка корневищных растений. Выгонка веток кустарников и деревьев] _fЛ. В. Завадская |
|
| 210 |
_aМосква _cИзд. дом МСП _d2009 |
||
| 215 |
_a154 с. _cил. _d20 |
||
| 225 | 1 | _aСоветы специалистов | |
| 320 | _aБиблиогр.: с. 147-152 | ||
| 330 | _aЛуковичные, травянистые, корневищные, кустарники, деревья | ||
| 606 | 1 |
_aДекоративные растения _jПопулярные издания _xВыгонка _92314109 _3RU\NLR\auth\661384795 |
|
| 606 | 1 |
_aЦветочные культуры _jПопулярные издания _xВыгонка _92314112 _3RU\NLR\auth\661384797 |
|
| 675 |
_a635.9.055 _v4 |
||
| 686 |
_a68.35.57.13 _2rugasnti |
||
| 686 | _aП274-455.5я9 | ||
| 700 | 1 |
_aЗавадская _bЛ. В. _gЛюдмила Викторовна _4070 |
|
| 801 | 0 |
_aRU _bЦНСХБ РАСХН _c20100120 _gRCR |
|
| 801 | 1 |
_aRU _bЦНСХБ РАСХН _c20100120 _gRCR |
|
| 801 | 2 |
_aRU _bЦНСХБ РАСХН _c20100319 |
|
| 801 | 2 |
_aRU _bNLR _c20100210 _grcr |
|
| 830 | _aавт. по кн. | ||
| 942 | _cBOOK | ||
| 980 | _aNB | ||